自然科学解答 (Record no. 19986)

000 -LEADER
fixed length control field 00504nam a22001937a 4500
003 - CONTROL NUMBER IDENTIFIER
control field MPLRDC
005 - DATE AND TIME OF LATEST TRANSACTION
control field 20220104124523.0
008 - FIXED-LENGTH DATA ELEMENTS--GENERAL INFORMATION
fixed length control field 210129b ||||| |||| 00| 0 eng d
020 ## - INTERNATIONAL STANDARD BOOK NUMBER
International Standard Book Number 957-775-030-3
082 ## - DEWEY DECIMAL CLASSIFICATION NUMBER
Classification number 308.9 KXCS v.47
100 ## - MAIN ENTRY--PERSONAL NAME
Personal name 世一编辑部
245 ## - TITLE STATEMENT
Title 自然科学解答
Statement of responsibility, etc.
250 ## - EDITION STATEMENT
Edition statement 再版六刷
260 ## - PUBLICATION, DISTRIBUTION, ETC.
Place of publication, distribution, etc.
Name of publisher, distributor, etc. 世一文化事业股份有限
Date of publication, distribution, etc. 1994
300 ## - PHYSICAL DESCRIPTION
Other physical details
490 ## - SERIES STATEMENT
Series statement 科学常识百科. 47
650 ## - SUBJECT ADDED ENTRY--TOPICAL TERM
Topical term or geographic name entry element 儿童用科学丛书
942 ## - ADDED ENTRY ELEMENTS (KOHA)
Koha item type Book
-- 308.9 KXCS v.47
Holdings
Withdrawn status Lost status Source of classification or shelving scheme Damaged status Not for loan Collection code Home library Current library Shelving location Date acquired Cost, normal purchase price Total Checkouts Full call number Barcode Date last seen Date last checked out Price effective from Koha item type Public note
            Malaysian Public Library, Research and Development Centre Malaysian Public Library, Research and Development Centre   10/12/2007 7.90   308.9 KXCS v.47 00020055 17/03/2021 04/12/2011 17/03/2021 Book mplrdc

© 2022. Malaysian Public Library, Research and Development Centre. All Right ReservedE-mailmplrdc@help.edu.my 

Powered by Koha